000
00380nam a2200145Ia 4500
008
090124s9999 xx 000 0 und d
082
_b
400326
245
_a
कोकोकुमां
250
_a
1
260
_b
मराठे मालती
_c
1978
300
_a
20
630
_a
कोकोकुमां
730
_a
कोकोकुमां
942
_c
BOOK
999
_c
196247
_d
196247